<?xml version="1.0" encoding="UTF-8"?>
<record
    xmlns:xsi="http://www.w3.org/2001/XMLSchema-instance"
    xsi:schemaLocation="http://www.loc.gov/MARC21/slim http://www.loc.gov/standards/marcxml/schema/MARC21slim.xsd"
    xmlns="http://www.loc.gov/MARC21/slim">

  <leader>00907nam a22002175i 4500</leader>
  <controlfield tag="001">164555</controlfield>
  <controlfield tag="003">ES-MaACL</controlfield>
  <controlfield tag="005">20250824211013.0</controlfield>
  <controlfield tag="008">990129m18821886sp a         |||| | spa d</controlfield>
  <datafield tag="040" ind1=" " ind2=" ">
    <subfield code="a">M-RABA </subfield>
    <subfield code="b">spa </subfield>
    <subfield code="c">M-RABA </subfield>
    <subfield code="d">CCPB | B</subfield>
  </datafield>
  <datafield tag="100" ind1="2" ind2=" ">
    <subfield code="a">S&#xE1;nchez de Badajoz, Diego, </subfield>
    <subfield code="d">ca. 1479-ca. 1545</subfield>
    <subfield code="9">133019</subfield>
  </datafield>
  <datafield tag="245" ind1="1" ind2="0">
    <subfield code="a">Recopilaci&#xF3;n en metro del bachiller Diego S&#xE1;nchez de Badajoz / </subfield>
    <subfield code="c">reimpresa del ejemplar &#xFA;nico por V. Barrantes.</subfield>
  </datafield>
  <datafield tag="260" ind1=" " ind2=" ">
    <subfield code="a">Madrid : </subfield>
    <subfield code="b">Librer&#xED;a de los Bibli&#xF3;filos : </subfield>
    <subfield code="b">Fernando F&#xE9;, </subfield>
    <subfield code="c">1882-1886 (</subfield>
    <subfield code="f">Establecimiento Tipogr&#xE1;fico de Ricardo F&#xE9;)</subfield>
  </datafield>
  <datafield tag="300" ind1=" " ind2=" ">
    <subfield code="a">2 v. ; </subfield>
    <subfield code="c">19 cm.</subfield>
  </datafield>
  <datafield tag="490" ind1="1" ind2=" ">
    <subfield code="a">Libros de anta&#xF1;o ; </subfield>
    <subfield code="v">11-12</subfield>
  </datafield>
  <datafield tag="597" ind1=" " ind2="1">
    <subfield code="a">V.1. (XVIII, 442 p., 1 h. de l&#xE1;m.) -- V.2. (435 p.)</subfield>
  </datafield>
  <datafield tag="700" ind1="1" ind2=" ">
    <subfield code="a">Barrantes, Vicente,</subfield>
    <subfield code="d">1829-1898</subfield>
    <subfield code="9">25851</subfield>
  </datafield>
  <datafield tag="830" ind1="0" ind2="0">
    <subfield code="a">Libros de anta&#xF1;o</subfield>
    <subfield code="v">11-12</subfield>
    <subfield code="9">188315</subfield>
  </datafield>
  <datafield tag="852" ind1=" " ind2=" ">
    <subfield code="a">ES-MaACL</subfield>
    <subfield code="j">F-13540-41 </subfield>
    <subfield code="z">-- Enc. tela</subfield>
  </datafield>
  <datafield tag="999" ind1=" " ind2=" ">
    <subfield code="c">164555</subfield>
    <subfield code="d">164555</subfield>
  </datafield>
  <datafield tag="952" ind1=" " ind2=" ">
    <subfield code="0">0</subfield>
    <subfield code="1">0</subfield>
    <subfield code="4">0</subfield>
    <subfield code="7">0</subfield>
    <subfield code="8">LIBXIX</subfield>
    <subfield code="a">ATENEOM</subfield>
    <subfield code="b">ATENEOM</subfield>
    <subfield code="c">SPP2</subfield>
    <subfield code="d">2008-01-17</subfield>
    <subfield code="l">0</subfield>
    <subfield code="o">F-13540-41</subfield>
    <subfield code="p">1172493</subfield>
    <subfield code="r">2023-02-23 00:00:00</subfield>
    <subfield code="w">2023-02-23</subfield>
    <subfield code="y">MONANT</subfield>
  </datafield>
</record>
